| 000 | 00735nam a2200217 a 4500 | ||
|---|---|---|---|
| 005 | 20230418063623.0 | ||
| 008 | 010911s1999 r 000 0 eng d | ||
| 020 | _a9505188110 | ||
| 035 | _aUPN01000111230 | ||
| 049 | _aCG | ||
| 050 | 4 |
_aLB1027.42 _bT6.28 |
|
| 100 | 1 | _aTorp, Linda | |
| 245 | 1 | 3 |
_aEl aprendizaje basado en problemas : _bdesde el jardín de infantes hasta el final de la escuela secundaria / _cLinda Torp y Sara Sage ; tr. Alcira Bixio. |
| 260 |
_aBuenos Aires : _bAmorrortu, _c1999. |
||
| 300 |
_a179 P. : _bfigs. |
||
| 440 | 0 | _aNueva enseñanza, nuevas prácticas | |
| 650 | 2 |
_aAprendizaje basado en problemas _96423 |
|
| 650 | 2 |
_aSolución de problemas _92522 |
|
| 700 | 1 |
_aSage, Sara, _ecoaut. |
|
| 905 | _aLibro | ||
| 999 |
_c85139 _d85139 |
||